Los jóvenes y el liceo

Gespeichert in:
Bibliographische Detailangaben
Hauptverfasser: Jara, Omar (VerfasserIn), Pérez, Luz María (VerfasserIn)
Format: Buch
Sprache:Spanisch
Veröffentlicht: Santiago Ministerio de Educación 1996
Schriftenreihe:Manuales para Grupos Profesionales de Trabajo: Módulo de Cultura Juvenil, 5
Schlagworte:
Tags: Tag hinzufügen
Keine Tags, Fügen Sie den ersten Tag hinzu!

MARC

LEADER 00000nam a2200000 a 4500
001 UCI6630
003 CL-VaPUC
008 080516e19960000CL |||||||||||||||||spa|d
082 0 4 |a 306.43  |b JAR  |2 21 
100 0 |a Jara, Omar  |e author  |9 529567 
700 0 |a Pérez, Luz María  |e author  |9 529568 
245 1 4 |a Los jóvenes y el liceo 
300 |a 103 p 
942 |c BK 
945 |d 20080516 00:00:00  |a jtorresc 
260 |a Santiago  |b Ministerio de Educación  |c 1996 
650 0 |a Sociología de la educación   |9 260380 
650 0 |a Convivencia escolar  |9 519500 
650 7 |a CULTURA JUVENIL  |2 CL-VaPUC  |9 529569 
650 7 |a POLITICA PUBLICA  |2 CL-VaPUC  |9 484690 
650 0 |a Jóvenes  |9 326981 
583 |a last modification  |c 20080516 00:00:00  |k Rodrigo Vera 
490 0 |a Manuales para Grupos Profesionales de Trabajo: Módulo de Cultura Juvenil, 5 
999 |c 330085  |d 330083 
952 |0 0  |1 0  |4 0  |6 306_430000000000000_JAR_1996  |7 0  |8 P  |9 415411  |a BIBEDU  |b BIBEDU  |c BIBEDU_PB  |d 2019-11-22  |i 4440188  |o 306.43 JAR 1996  |p 4440188  |r 2024-01-25  |w 2019-11-22  |y BK  |k EPE